|
|
|
|
| LEADER |
00000nab a2200000 a 4500 |
| 001 |
vtls000094034 |
| 003 |
SK-MaSNL |
| 005 |
20260304063244.0 |
| 008 |
250422c1981 xo 0 slo |
| 015 |
|
|
|a SNBRB19rr/mm-uuuuu
|
| 035 |
|
|
|a CL0104137
|
| 035 |
|
|
|a urn:nbn:sk:snk-ab1uhd
|
| 035 |
|
|
|a (urnnbn)urn:nbn:sk:snk:ar-a00zgz
|
| 035 |
|
|
|a (uuid)45db8b8c-0939-4ed2-a0af-9d99555f3e74
|
| 040 |
|
|
|a SNKBUCL
|b slo
|c SNKBUCL
|e AACR2
|
| 041 |
0 |
|
|a slo
|
| 044 |
|
|
|a xo
|c SK
|
| 080 |
|
|
|a 792.071
|2 1981
|
| 080 |
|
|
|a 792.8
|2 1981
|
| 245 |
0 |
0 |
|a Zaslúžilá umelkyňa Melánia Nemcová
|b Folklór je jej láskou i koníčkom
|c -ako-
|
| 300 |
|
|
|b Obr. 1.
|
| 600 |
1 |
7 |
|a Nemcová, Melánia,
|d 1918-2006
|2 snkbucl
|9 107653
|
| 655 |
|
7 |
|a články z novín a časopisov
|2 snkbucl
|9 267496
|
| 773 |
0 |
|
|t Hudobný život
|g Roč. 13, č. 9 (1981), s. 5
|
| 850 |
|
|
|a Slovenská národná knižnica
|
| 852 |
|
|
|a Slovenská národná knižnica
|
| 954 |
|
|
|a odborná, vedecká literatúra pôvodná (slovenská)
|2 lita
|
| 958 |
|
|
|a article27
|
| 958 |
|
|
|a OND
|
| 958 |
|
|
|a RK
|
| 958 |
|
|
|a EUIPO
|
| 992 |
|
|
|a RBX
|
| 999 |
|
|
|c 2741813
|d 2743743
|